01543 a2200265 45000010006000000050017000060080041000230030015000640400040000790800060001192450054001790200018002332640033002513000019002845050686003030410008009891000020009977000022010177000030010397000021010697000019010907000023011097000046011328560099011784587020260407155731.0260407a2002 arg spa dAR-UNSa-BCEJYS aAR-UNSa-BCEJYSbspacAR-UNSa-BCEJYS a316.47xRelaciones sociales. Relaciones interpersonales10aSociedad y sociabilidad en la Argentina de los 90 a950-786-339-7 1aBuenos Aires :bBiblosc2002 a232 p.c23 cm. a1. formas de sociabilidad y lazos sociales / Miguel Murmis y Silvio Feldman – 2. Empleo, remuneraciones y diferenciación social en el último cuarto del siglo xx / Luis Beccaria – 3. Las nuevas urbanizaciones privadas. Sociabilidad y socialización: la integración social “hacia arriba” / Maristella Svampa – 4. Sociabilidad en clases medias en descenso: experiencias en el trueque – 5. De proveedores, amigos, vecinos y “barderos”: acerca de trabajo, delito sociabilidad en jóvenes del Gran Buenos Aires /Gabriel Kessler – 6. Las ocupaciones informales y sus formas de sociabilidad: apicultores, albañiles y feriantes / Silvio Feldman y Miguel Murmis. aspa1 aFeldman, Silvio1 aBeccaria, Luis A.1 aGonzález Bombal, Inés1 aKessler, Gabriel1 aMurmis, Miguel1 aSvampa, Maristella1 aUniversidad Nacional de General Sarmiento41uhttps://www.biblioeco.unsa.edu.ar/pmb/images/libros/L127206.jpgyImagen de portadaqimage/jpeg